000 00337nam a22001457a 4500
008 210302b ||||| |||| 00| 0 eng d
020 _a0435084909
041 _aeng
080 _a37
082 _a37
100 _a46
101 _aEDU
245 _aMore than Stories the range of childrens Writing
_cNewkirk, Th.
942 _2udc
_cBK
999 _c55514
_d55514